000 00923nam a2200277 i 4500
001 bg
003 BPK
005 20220919074431.0
008 100205s2009 pl a f f |000 0 pol
015 _aPB 2010/28291
020 _a9788392481386
040 _aWA N
_cBPK
080 _a336.76
100 1 _aJajuga, Krzysztof
_d(1956- )
_eAutor
245 1 0 _aInstrumenty pochodne /
_cKrzysztof Jajuga.
250 _aWyd. 3 uaktual.
260 _aWarszawa :
_bKomisja Nadzoru Finansowego,
_c2009.
300 _a34 s. :
_bil. ;
_c21 cm.
490 1 _aAnatomia Sukcesu : instytucje i zasady funkcjonowania rynku kapitałowego.
500 _aNa s. tyt. i okł. nazwa projektu: CEDUR.
655 4 _aPoradnik
650 4 _aInstrumenty pochodne
856 _uhttp://koha.tu.koszalin.pl/cgi-bin/koha/opac-detail.pl?biblionumber=49693
_yKatalog online BPK
830 0 _aAnatomia Sukcesu
942 _2UKD
_cKS
999 _c49693
_d49693